000 00315nam a22001457a 4500
008 210308b ||||| |||| 00| 0 eng d
020 _a9780073380759
041 _aeng
080 _27th
_a316
082 _a316
100 _a50
101 _aSOC
245 _aDrugs in Perspective
_cFields, R
942 _2udc
_cBK
999 _c55934
_d55934